Základy bankovníctví /

Salvato in:
Dettagli Bibliografici
Autore principale: Waterhouse, Price (Autore)
Altri autori: Navrátil, Vlastislav (Traduttore), Vedlich, Joseph (Traduttore)
Natura: Libro
Lingua:ceco
Pubblicazione: Praha : Management Press, Profit, a.s, 1996
Edizione:1.vyd.
Soggetti:
Accesso online:WRITE
Tags: Aggiungi Tag
Nessun Tag, puoi essere il primo ad aggiungerne!!

MARC

LEADER 00000nam a22000003a 4500
001 stu46039
005 20150617225715.5
008 971120s1996----cs------------------cze-d
020 |a 80-85943-02-6 
040 |a STU  |b slo 
041 0 |a cze 
044 |a cs 
080 |a 336.71 
100 1 |a Waterhouse, Price  |4 aut 
245 1 |a Základy bankovníctví /  |c [aut.]Price Waterhouse; Z angl. Vlastislav Navrátil, Joseph Vedlich 
250 |a 1.vyd. 
260 |a Praha :  |b Management Press, Profit, a.s,  |c 1996 
300 |a 195 s 
650 7 |a bankovníctvo  |2 stusub 
700 1 |a Navrátil, Vlastislav  |4 trl 
700 1 |a Vedlich, Joseph  |4 trl 
856 4 |a https://sweb.mtf.stuba.sk/obsahy/zaklady_bankovnictvi_96.pdf  |u https://sweb.mtf.stuba.sk/obsahy/zaklady_bankovnictvi_96.pdf  |3 WRITE 
996 |b 284M034177  |c M*9585-1  |l MMST  |s A  |a 24  |w stu46039_0002